000 00767nam a2200217Ii 4500
003 JO-AjNU
008 230605s9999||||xx |||||||||||||| ||und||
017 _a1984/1523
040 _aJO-AjNU
_bara
_erda
_cJO-AjNU
041 _aara
050 1 4 _aPJ6126.Z3336 1984
100 3 _aالزهاوي،خليل,
_eauthor
_99642
245 0 0 _aكراسة الخط العربي قواعد خط التعليق بخط الحاج خليل الزهاوي، ج1
250 _aط3
264 3 1 _aبغداد: مكتبة النهضة، 1984
300 _aج1، 127ص
336 _atext
_btxt
_2rdacontent
337 _aunmediated
_bn
_2rdamedia
338 _avolume
_bnc
_2rdacarrier
650 4 _aالخطوط العربية-الخط العربي-قواعد خط التعليق
_99643
999 _aA1405
_c4973
_d4973